| 000 | 01632 a2200325 4500 | ||
|---|---|---|---|
| 001 | 26222 | ||
| 005 | 20260407155543.0 | ||
| 008 | 260407a2013 arg spa d | ||
| 003 | AR-UNSa-BCEJYS | ||
| 040 |
_aAR-UNSa-BCEJYS _bspa _cAR-UNSa-BCEJYS |
||
| 080 |
_a343(094.7) _xJurisprudencia de Derecho Penal |
||
| 245 | 1 | 0 |
_aFallos de la Corte de Justicia de Salta _pDerecho Penal y Procesal Penal. Reseña temática |
| 264 | 1 |
_aSalta : _b[s.n.] _c2013 |
|
| 300 |
_a281 p. _c21 cm. |
||
| 505 | _aI. DERECHO PENAL. PARTE GENERAL: 1. Garantías constitucionales - 2. Validez temporal de la ley penal - 3. Tentativa - 4. Participación criminal - 5. Concursos de delitos - 6. Pena - 7. Acción penal - 8. Suspensión de juicio a prueba - II. DERECHO PROCESAL PENAL: 9. Nulidades - 10. Instrucción formal - 11. Procedimiento sumario - 12. Restricciones a la libertad en el proceso - 13. Etapa de juicio - 14. Juicio de menores - 15. Juicio por delitos de acción privada - 16. Sentencia - 17. Recursos. | ||
| 942 | _cBK | ||
| 590 | _aniveau_biblio:m niveau_hierar:0 | ||
| 100 | 1 | _aCatalano, Guillermo Alberto | |
| 700 | 1 | _aSalta. Poder Judicial | |
| 700 | 1 | _aMartini, Luciano Ignacio | |
| 700 | 1 | _aVater, Fernando | |
| 700 | 1 | _aHolmquist Moreira, Karina Alejandra | |
| 700 | 1 | _aColl, Patricia | |
| 700 | 1 | _aFlores, Carlos Hernán | |
| 700 | 1 | _aCiociano, Mariano Hernán | |
| 700 | 1 | _aJallés, Juan Manuel | |
| 700 | 1 | _aSaravia, Aldo Rubén | |
| 700 | 1 | _aGalli, Adriana Inés | |
| 856 | 4 | 1 |
_uhttps://biblioeco.unsa.edu.ar/pmb/images/libros/Fallos de la corte de Justicia de Salta-l119563.jpg _yImagen de portada _qimage/jpeg |
| 999 |
_c1446 _d1446 |
||